000 00276nam a2200121Ia 4500
005 20251222142018.0
008 251222s9999||||xx |||||||||||||| ||spa||
082 _a869.5/O26
100 _aO'Brien, Peter
245 0 _aEl Contrato Finch
264 _bPetro PerĂº
942 _cLIB
999 _c10565
_d10565